Európska susedská politika a vzťahy Ukrajiny s EÚ
Európska susedská politika (ENP) ako hlavný nástroj pre postup EU voči susedským krajinám. ENP a vzťahy Ukrajiny s EÚ. Prehľad partnerských krajín a ich priamych susedov. Súčasný stav akčných plánov ENP. Kľúčové aspekty politiky susedstva pre Ukrajinu.
Na minha lista:
| Autor principal: | |
|---|---|
| Formato: | Capítulo de Livro |
| Idioma: | eslovaco |
| Assuntos: | |
| Tags: |
Sem tags, seja o primeiro a adicionar uma tag!
|
MARC
| LEADER | 00000naa$a2200000$$$4500 | ||
|---|---|---|---|
| 001 | 0068391 | ||
| 005 | 20240502071827.3 | ||
| 041 | 0 | |a slo | |
| 044 | |a SK | ||
| 245 | 1 | 0 | |a Európska susedská politika a vzťahy Ukrajiny s EÚ |c Mária Greššová |
| 520 | |a Európska susedská politika (ENP) ako hlavný nástroj pre postup EU voči susedským krajinám. ENP a vzťahy Ukrajiny s EÚ. Prehľad partnerských krajín a ich priamych susedov. Súčasný stav akčných plánov ENP. Kľúčové aspekty politiky susedstva pre Ukrajinu. | ||
| 610 | 2 | 0 | |a politika medzinárodná |
| 610 | 2 | 0 | |a Ukrajina |
| 610 | 2 | 0 | |a Európska únia |
| 610 | 2 | 0 | |a integrácia ekonomická medzinárodná |
| 610 | 2 | 0 | |a politika bezpečnostná |
| 100 | 1 | |a Greššová, Mária | |